No aceptes caramelos de extraños / (Registro nro. 237384)

Detalles MARC
000 -LEADER
fixed length control field 01553nam a2200373Ii 4500
001 - CONTROL NUMBER
control field DIGUQBAR0018
003 - CONTROL NUMBER IDENTIFIER
control field NyNyDIG
006 - FIXED-LENGTH DATA ELEMENTS--ADDITIONAL MATERIAL CHARACTERISTICS
fixed length control field m o d
007 - PHYSICAL DESCRIPTION FIXED FIELD--GENERAL INFORMATION
fixed length control field cr |||||||||||
008 - FIXED-LENGTH DATA ELEMENTS--GENERAL INFORMATION
fixed length control field 131101s2011 cl o 000 j spa d
020 ## - INTERNATIONAL STANDARD BOOK NUMBER
International Standard Book Number 9789568601935
020 ## - INTERNATIONAL STANDARD BOOK NUMBER
International Standard Book Number 9568601937
035 ## - SYSTEM CONTROL NUMBER
System control number (OCoLC)888284116
040 ## - CATALOGING SOURCE
Original cataloging agency DGITA
Language of cataloging eng
Description conventions pn
Transcribing agency DGITA
050 14 - LIBRARY OF CONGRESS CALL NUMBER
Classification number PQ8098.2.E38 eBook
100 1# - MAIN ENTRY--PERSONAL NAME
Personal name Jeftanovic, Andrea,
Dates associated with a name 1970-
245 10 - TITLE STATEMENT
Title No aceptes caramelos de extraños /
Statement of responsibility, etc. Andrea Jeftanovic.
264 #1 - PRODUCTION, PUBLICATION, DISTRIBUTION, MANUFACTURE, AND COPYRIGHT NOTICE
Place of production, publication, distribution, manufacture Santiago, Chile :
Name of producer, publisher, distributor, manufacturer Uqbar Editores,
Date of production, publication, distribution, manufacture, or copyright notice 2011.
300 ## - PHYSICAL DESCRIPTION
Extent 1 online resource (139 pages)
336 ## - CONTENT TYPE
Content type term text
Content type code txt
Source rdacontent
337 ## - MEDIA TYPE
Media type term computer
Media type code c
Source rdamedia
338 ## - CARRIER TYPE
Carrier type term online resource
Carrier type code cr
Source rdacarrier
490 1# - SERIES STATEMENT
Series statement Colección literatura. Cuentos
500 ## - GENERAL NOTE
General note Short stories.
505 0# - FORMATTED CONTENTS NOTE
Formatted contents note Árbolo genealógico -- Marejadas -- Primogénito -- Medio cuerpo afuera navegando por las ventanas -- La necesidad de ser hijo -- La desazón de ser anónimos -- En la playa, los niños-- -- Mañana saldremos en los titulares -- No aceptes caramelos de extraños -- Tribunal de familia -- Hasta que se apaguen las estrellas.
655 #0 - INDEX TERM--GENRE/FORM
Genre/form data or focus term Electronic books.
791 2# -
-- Digitalia (Firm),
-- distributor.
793 0# -
-- Digitalia eBook Collection:
-- Uqbar Editores.
830 #0 - SERIES ADDED ENTRY--UNIFORM TITLE
Uniform title Colección Literatura (Uqbar Editores).
830 #0 - SERIES ADDED ENTRY--UNIFORM TITLE
Uniform title Colección literatura (Uqbar Editores).
Name of part/section of a work Cuentos.
856 40 - ELECTRONIC LOCATION AND ACCESS
Materials specified Digitalia Hispánica
Uniform Resource Identifier <a href="https://www.digitaliapublishing.com/a/21293/">https://www.digitaliapublishing.com/a/21293/</a>
910 ## - USER-OPTION DATA (OCLC)
User-option data Premium Collection: 2007-2012
942 ## - ADDED ENTRY ELEMENTS (KOHA)
Koha item type Recurso Electrónico
Existencias
Withdrawn status Lost status Damaged status Not for loan Collection Home library Current library Date acquired Total checkouts Date last seen Price effective from Koha item type
        Digitalia Ebooks Hispanica Biblioteca Digital UIN Biblioteca Digital UIN 04/25/2025   04/25/2025 04/25/2025 Recurso Electrónico

CONTACTO


NOSOTROS


SITIOS DE INTERES

coordinacion.biblioteca.biblioteca@unienlinea.mx Misión, Visión y Objetivos Bases de datos
Directorio Bibliotecas Digitales y Repositorios
Normatividad Revistas y artículos
Convenios interbibliotecarios
Boletines



Hecho en México. Universidad Insurgentes (UIN). Todos los derechos reservados 2024. Esta página y sus contenidos pueden ser reproducidos con fines no lucrativos, siempre y cuando no se mutile, se cite la fuente completa y su dirección electrónicas. De otra forma requiere permiso previo por escrito de la institución




2024 Copyright Universidad Insurgentes | www.bibliouin.com.mx